Historia de América

সংরক্ষণ করুন:
গ্রন্থ-পঞ্জীর বিবরন
প্রধান লেখক: Malamud Rikles, Carlos (autor)
বিন্যাস: গ্রন্থ
ভাষা:স্প্যানিশ
প্রকাশিত: Madrid Alianza Editorial 2007
সংস্করন:1a. ed
বিষয়গুলি:
ট্যাগগুলো: ট্যাগ যুক্ত করুন
কোনো ট্যাগ নেই, প্রথমজন হিসাবে ট্যাগ করুন!

MARC

LEADER 00000cam a2200000 a 4500
001 UCD8736
003 CL-VaPUC
008 170519e20070000sp |||||||||||||||||spa|d
020 |a 9788420647395 
082 0 4 |a 980  |b MAL  |2 21 
100 |a Malamud Rikles, Carlos  |e autor  |9 592890 
245 1 0 |a Historia de América 
250 |a 1a. ed 
300 |a 507 p 
942 |c BK 
945 |d 20170519 15:42:00  |a arojas 
260 |a Madrid  |b Alianza Editorial  |c 2007 
650 0 |a Historia de América  |9 266076 
583 |a last modification  |c 20170519 15:42:00  |k Rodrigo Vera 
999 |c 368045  |d 368043 
952 |0 0  |1 0  |3 erb  |4 0  |6 980_000000000000000_MAL_2007  |7 0  |8 A  |9 483297  |a BIBHIS  |b BIBHIS  |i 5376556  |l 9  |o 980 MAL 2007  |p 5376556  |r 2025-01-20  |s 2024-05-29  |w 2019-11-24  |y BK  |z Catalogado en:20170519  |k HIS